LEADER 01017naa a2200205 u 4500 001 000000098073 003 CaOOAMICUS 005 20070226130153.0 008 050520s1981 it u000 u ita u 035 $a11046347 040 $aIAR$bita 100 1 $aGiangiulio, Maurizio.$0(OLS)http://pul/name/61976 245 10$aDeformità eroiche e tradizioni di fondazione :$bBatto, Miscello e l'oracolo delfico /$cMaurizio Giangiulio. 260 $aPisa :$bScuola Normale,$c1981. 300 $aS. 1-24 ;$c25 cm 730 0 $aAnnali della Scuola normale superiore di Pisa, Classe di lettere e filosofia$g[Spogli].$0(OLS)http://pul/title/24292 773 0 $tAnnali della Scuola Normale Superiore di Pisa$gSerie III, vol. XI,1 (1981). 773 0 $tAnnali della Scuola normale superiore di Pisa, Classe di lettere e filosofia$w()16982 996 $6245$aDeformità eroiche e tradizioni di fondazione :$bBatto, Miscello e l'oracolo delfico$9(OLS)http://pul/title/124956 996 $6260$aPisa :$bScuola Normale$9(OLS)http://pul/publisher/79182 LEADER 01301nam a2200253 u 4500 001 000000049861 003 CaOOAMICUS 005 20070226115146.0 008 000713s1961 it u000 u lat u 035 $a10852227 040 $aPUL(R)$bita 100 1 $aHoffmann, Heinrich L.$0(OLS)http://pul/name/27364 245 10$aDe S. Carolo Borromaeo qua archivorum ecclesiasticorum sanctificatore :$b(de sancti praesulis mediolanensis cura in contentis spiritualibus-supernaturalibus archivorum ecclesiasticorum) /$cHenricus L. Hoffmann. 260 $aRoma :$bDesclée,$c1961. 300 $aviii, 30 p. ;$c24 cm 500 $aContiene indici. 600 04$aCarolus Borromaeus,$cs.,$d1538-1584.$0(OLS)http://pul/subject/296 850 $aPUL 852 $aPUL$W1$xDP1 Fondo Maccarrone$y58$m1517 C 15$j66177$nBK-PRI$b $qFondi$B66177$CPULBib$Z2$F66177 $H $81 941 1 $a1 960 $aCarlo Borromeo,$cs.,$d1538-1584$9296 960 $aBorromeo, Carlo,$cs.,$d1538-1584$9296 996 $6245$aDe S. Carolo Borromaeo qua archivorum ecclesiasticorum sanctificatore :$b(de sancti praesulis mediolanensis cura in contentis spiritualibus-supernaturalibus archivorum ecclesiasticorum)$9(OLS)http://pul/title/67173 996 $6260$aRoma :$bDesclée$9(OLS)http://pul/publisher/48185